On the hunt with great white sharks / (Record no. 414236)
[ view plain ]
| 000 -LEADER | |
|---|---|
| fixed length control field | 01392nam a2200421 i 4500 |
| 001 - CONTROL NUMBER | |
| control field | zcodcb b7973779 |
| 003 - CONTROL NUMBER IDENTIFIER | |
| control field | MnSgEFL |
| 005 - DATE AND TIME OF LATEST TRANSACTION | |
| control field | 20251212144801.0 |
| 008 - FIXED-LENGTH DATA ELEMENTS--GENERAL INFORMATION | |
| fixed length control field | 220914t20232023mnua c 001 0 eng d |
| 010 ## - LIBRARY OF CONGRESS CONTROL NUMBER | |
| LC control number | 2021051649 |
| 020 ## - INTERNATIONAL STANDARD BOOK NUMBER | |
| International Standard Book Number | 9781728456249 |
| 020 ## - INTERNATIONAL STANDARD BOOK NUMBER | |
| International Standard Book Number | 172845624X |
| 020 ## - INTERNATIONAL STANDARD BOOK NUMBER | |
| International Standard Book Number | 9781728464398 (pbk.) |
| 020 ## - INTERNATIONAL STANDARD BOOK NUMBER | |
| International Standard Book Number | 1728464390 (pbk.) |
| 040 ## - CATALOGING SOURCE | |
| Original cataloging agency | DLC |
| Language of cataloging | eng |
| Description conventions | rda |
| Transcribing agency | DLC |
| Modifying agency | MnSgEFL |
| 042 ## - AUTHENTICATION CODE | |
| Authentication code | pcc |
| 092 ## - LOCALLY ASSIGNED DEWEY CALL NUMBER (OCLC) | |
| Classification number | junior nonfiction |
| Item number | J 597.3 Markle |
| 100 1# - MAIN ENTRY--PERSONAL NAME | |
| Personal name | Markle, Sandra, |
| Relator term | author. |
| 9 (RLIN) | 19210 |
| 245 10 - TITLE STATEMENT | |
| Title | On the hunt with great white sharks / |
| Statement of responsibility, etc | [by] Sandra Markle. |
| 264 #1 - Production, Publication, Distribution, Manufacture, and Copyright Notice. | |
| Place of production, publication, distribution, manufacture | Minneapolis, MN : |
| Name of producer, publisher, distributor, manufacturer | Lerner, |
| Date of production, publication, distribution, manufacture, or copyr | [2023] |
| 264 #4 - Production, Publication, Distribution, Manufacture, and Copyright Notice. | |
| Date of production, publication, distribution, manufacture, or copyr | copyright 2023. |
| 300 ## - PHYSICAL DESCRIPTION | |
| Extent | 32 pages : |
| Other physical details | color illustrations ; |
| Dimensions | 21 x 26 cm. |
| 336 ## - Content Type | |
| Content type term | text |
| 337 ## - Media type | |
| Media type term | unmediated |
| 338 ## - Carrier type | |
| Carrier type term | volume |
| 490 1# - SERIES STATEMENT | |
| Series statement | Ultimate predators. |
| 500 ## - GENERAL NOTE | |
| General note | Includes index. |
| 520 ## - SUMMARY, ETC. | |
| Summary, etc | Provides information on the great white shark, including how these top predators hunt and raise their young. |
| 521 2# - TARGET AUDIENCE NOTE | |
| Target audience note | 3-6. |
| 521 1# - TARGET AUDIENCE NOTE | |
| Target audience note | 8-11. |
| 521 8# - TARGET AUDIENCE NOTE | |
| Target audience note | 1050 |
| Source | Lexile. |
| 521 8# - TARGET AUDIENCE NOTE | |
| Target audience note | R |
| Source | Guided Reading Level. |
| 526 0# - STUDY PROGRAM INFORMATION NOTE | |
| Program name | Reading Lexile |
| Interest level | 1050. |
| 650 #0 - SUBJECT ADDED ENTRY--TOPICAL TERM | |
| Topical term or geographic name as entry element | White shark |
| Form subdivision | Juvenile literature. |
| 9 (RLIN) | 5706182 |
| 650 #0 - SUBJECT ADDED ENTRY--TOPICAL TERM | |
| Topical term or geographic name as entry element | Predatory animals |
| Form subdivision | Juvenile literature. |
| 9 (RLIN) | 5688069 |
| 800 1# - SERIES ADDED ENTRY--PERSONAL NAME | |
| Personal name | Markle, Sandra. |
| Title of a work | Ultimate predators. |
| 9 (RLIN) | 6487271 |
| 942 ## - ADDED ENTRY ELEMENTS (KOHA) | |
| Source of classification or shelving scheme | Dewey Decimal Classification |
| Koha item type | BOOK |
| Withdrawn status | Lost status | Source of classification or shelving scheme | Damaged status | Not for loan | Collection code | Home library | Current library | Shelving location | Date acquired | Source of acquisition | Total Checkouts | Total Renewals | Full call number | Barcode | Date last seen | Date checked out | Cost, replacement price | Price effective from | Koha item type |
|---|---|---|---|---|---|---|---|---|---|---|---|---|---|---|---|---|---|---|---|
| Dewey Decimal Classification | Junior NonFiction | Wasatch County Library | Wasatch County Library | Second Floor | 12/12/2025 | Libraria | 1 | 1 | J 597.3 Markle | 34301002111377 | 01/24/2026 | 12/20/2025 | 22.99 | 12/12/2025 | BOOK |
